000
00220 a2200097 4500
001
10817
100
_a
Oliver, J.
245
_a
Tales of Modern Enterprise
260
_a
_b
Colins Clear type press
_c
090
_c
8402
_d
8402
942
_a
NUST-CAE
_c
M
_c
35159
999
_c
245890
_d
245890